000 00921nas a2200325 4500
001 BR2016002445
003 BR-BrBNA
005 20231205130415.0
007 ta
008 230509b bl.|||p| |||| 00| 00por d
040 _aBR-BrBNA
_bpor
_cBiblioteca Nacional de Agricultura
041 _a(En)
072 _aH50
100 1 _aAgostinho, D.
100 1 _aPerboni, L.T.
100 1 _aLangaro, A.C.
100 1 _aGomes, J.
100 1 _aFraga, D.S.
100 1 _aFranco, J.J.
245 1 _aChanges in photosynthesis and oxidative stress in wheat plants submmited to herbicides application
650 _aTRIGO
650 _aNABO
650 _aHERBICIDA
650 _aOXIDAÇÃO
650 _aSTRESS
650 _aFITOTOXICIDADE
773 0 _tPlanta Daninha (Brazil)
_xISSN 0100-8358
_g(Jan-Mar 2016), v. 34(1) p. 1-9
_wBR2016002445
909 _a202311
_bLúcia
_c55
_dLúcia Elande
942 _2AGRIS
_n0
_cANA
999 _c249284
_d249284